Mass Communication Theory : Foundations, Ferment and Future (Record no. 978)

MARC details
000 -LEADER
Fixed length control field 00516nam a2200181 4500
003 - CONTROL NUMBER IDENTIFIER
Control field SEACOMMC
005 - DATE AND TIME OF LATEST TRANSACTION
Control field 20250430123410.0
008 - FIXED-LENGTH DATA ELEMENTS--GENERAL INFORMATION
Fixed length control field 250109b |||||||| |||| 00| 0 eng d
020 ## - INTERNATIONAL STANDARD BOOK NUMBER / ISBN
International Standard Book Number 978-81-3152-912-6
Price Rs.299.00
040 ## - CATALOGING SOURCE
Original cataloging agency SEACOMMC
082 ## - DEWEY DECIMAL CLASSIFICATION NUMBER
Classification number 302.23
Book Number B 265
100 ## - MAIN ENTRY--PERSONAL NAME
Personal name Baran, Stanley J
245 1# - TITLE STATEMENT
Title Mass Communication Theory : Foundations, Ferment and Future
Statement of responsibility Stanley J Baran & Dennis K Davis
250 ## - EDITION STATEMENT
Edition statement 4th ed.
260 ## - IMPRINT
Place of publication Singapore
Name of publisher Thomson
Date of publication 2006
650 ## - SUBJECT ADDED ENTRY--TOPICAL TERM
Topical term Mass Media
942 ## - ADDED ENTRY ELEMENTS (KOHA)
Koha item type Books
Holdings
Withdrawn status Lost status Source of classification Damaged status Not for loan Home library Current library Shelving location Date acquired Total Checkouts Call number Accession number Date last seen Price effective from Koha item type Copy number
    Dewey Decimal Classification     SEACOM MANAGEMENT COLLEGE SEACOM MANAGEMENT COLLEGE Reference 26/12/2007   302.23 B 265 M-1578 09/01/2025 09/01/2025 Books  
    Dewey Decimal Classification     SEACOM MANAGEMENT COLLEGE SEACOM MANAGEMENT COLLEGE   26/12/2007   302.23 B 265 M-1579 09/01/2025 09/01/2025 Books 1
    Dewey Decimal Classification     SEACOM MANAGEMENT COLLEGE SEACOM MANAGEMENT COLLEGE   26/12/2007   302.23 B 265 M-1580 09/01/2025 09/01/2025 Books 2
    Dewey Decimal Classification     SEACOM MANAGEMENT COLLEGE SEACOM MANAGEMENT COLLEGE   26/12/2007   302.23 B 265 M-1581 09/01/2025 09/01/2025 Books 3
    Dewey Decimal Classification     SEACOM MANAGEMENT COLLEGE SEACOM MANAGEMENT COLLEGE   26/12/2007   302.23 B 265 M-1582 09/01/2025 09/01/2025 Books 4
© Seacom Engineering College, All rights reserved.    Powered by Koha